Zbroj a zbraně Evropa 6.- 17. století

Bibliographic Details
Main Author: Klučina, Petr, 1950- (Author)
Format: Book
Language:Czech
PhysicalDescription:683 s. ilustr. 31 cm
Published: Praha Litomyšl Paseka 2004
ISBN:8071856614
Subjects:

MARC

LEADER 00000cam a2200000 a 4500
001 vtls008289419
003 SK-MaSNL
005 20260301164358.0
008 240313s2004 xr a f 001 0 cze
020 |a 8071856614  |q (viaz.) 
035 |a SVKPOKN100898 
040 |a SNK  |b slo  |c SNK  |e AACR2 
041 0 |a cze 
044 |a xr  |c CZ 
072 7 |a 623  |x Vojenská technika  |2 konspekt 
080 |a 623.41/.44  |2 001 
080 |a 623.444  |2 2001 
080 |a 623.445  |2 2001 
080 |a (4)  |2 2001 
080 |a (048.8)  |2 2001 
100 1 |a Klučina, Petr,  |d 1950-  |4 aut  |9 100708 
245 1 0 |a Zbroj a zbraně  |b Evropa 6.- 17. století  |c Petr Klučina 
260 |a Praha  |a Litomyšl  |b Paseka  |c 2004 
300 |a 683 s.  |b ilustr.  |c 31 cm 
650 0 7 |a strelné zbrane  |2 SNKPH  |9 68540 
650 0 7 |a chladné zbrane  |2 SNKPH  |9 28988 
650 0 7 |a ochranná zbroj  |2 SNKPH  |9 74482 
650 0 7 |a Firearms  |2 SNKPHeng  |9 289175 
650 0 7 |a Cold weapons  |2 SNKPHeng  |9 426793 
650 0 7 |a Armour  |2 SNKPHeng  |9 422740 
655 7 |a monografie  |2 SNKPH  |9 70139 
655 7 |a Monographs  |2 SNKPHeng  |9 120675 
919 |a 80-7185-661-4 
999 |c 820419  |d 822349 
952 |t snkKLU 623.4(091)  |a SNKUST  |b SNKUST  |y PREZ  |7 0  |p 17A0510922  |o snkIB 71435  |i snk2007/4356  |8 3  |g 87.96  |0 0  |1 0  |4 0  |d 2007-02-15  |l 0  |r 2025-04-29 00:00:00  |w 2026-02-24